| 000 | 00602nam a2200169 4500 | ||
|---|---|---|---|
| 001 | 158465 | ||
| 003 | ES-MaACL | ||
| 005 | 20230906211147.0 | ||
| 008 | 950111m18821889fr |||| | fre d | ||
| 040 |
_aEUS _bspa _cEUS |
||
| 100 | 1 |
_aMadvig, Juan Nicolás. _9129327 |
|
| 245 | 1 | 2 |
_aL'État Romain _b: sa constitution et son administration / _cpar J. N. Madvig ; traduit par Ch. Morel. |
| 260 |
_aParis : _bF. Vieweg, _c1882-1889 ( _eChartres : _fDurand Frères) |
||
| 300 |
_a5 v. ; _c25 cm. |
||
| 700 | 1 | 1 |
_aMorel, Ch., _etr. _983238 |
| 852 |
_aES-MaACL _jD-536-539 _z-- Enc. hol. _q-- Falta el T. IV |
||
| 999 |
_c158465 _d158465 |
||